|
|
|
|
| LEADER |
00000nam0a2200000 4500 |
| 001 |
605804 |
| 005 |
20240207164140.0 |
| 035 |
|
|
|a (RuTPU)RU\TPU\conf\3116
|
| 090 |
|
|
|a 605804
|
| 100 |
|
|
|a 20140430d2014 k y0rusy50 ca
|
| 101 |
0 |
|
|a rus
|
| 102 |
|
|
|a RU
|
| 105 |
|
|
|a y z 101zy
|
| 135 |
|
|
|a drcn ---uucaa
|
| 181 |
|
0 |
|a i
|
| 182 |
|
0 |
|a b
|
| 200 |
1 |
|
|a Современное состояние и проблемы естественных наук
|e сборник трудов Всероссийской научно-практической конференции молодых ученых, аспирантов и студентов, г. Юрга, 17-18 апреля 2014 г.
|f Национальный исследовательский Томский политехнический университет (ТПУ), Юргинский технологический институт (филиал) (ЮТИ), Кафедра естественного научного образования (ЕНО) ; под ред. Е. В. Полицинского [и др.]
|
| 203 |
|
|
|a Текст
|c электронный
|
| 210 |
|
|
|a Томск
|c Изд-во ТПУ
|d 2014
|
| 300 |
|
|
|a Заглавие с экрана
|
| 330 |
|
|
|a В сборнике представлены материалы по актуальным проблемам физики, новых материалов и химических технологий, а также прикладных задач математики в области инженерных наук, содержатся результаты теоретических исследований и практической реализации научно-исследовательских работ. Материалы сборника представляют интерес для преподавателей, научных сотрудников, аспирантов и студентов по направлению естественные науки.
|
| 337 |
|
|
|a Adobe Reader
|
| 606 |
1 |
|
|a Естественные науки в целом
|2 stltpush
|3 (RuTPU)RU\TPU\subj\38878
|9 59127
|
| 610 |
1 |
|
|a электронный ресурс
|
| 610 |
1 |
|
|a материалы конференций
|
| 610 |
1 |
|
|a естественные науки
|
| 610 |
1 |
|
|a физика
|
| 610 |
1 |
|
|a новые материалы
|
| 610 |
1 |
|
|a химическая технология
|
| 610 |
1 |
|
|a математика
|
| 610 |
1 |
|
|a инженерные науки
|
| 610 |
1 |
|
|a научно-исследовательская работа
|
| 610 |
1 |
|
|a актуальные проблемы
|
| 610 |
1 |
|
|a прикладные задачи
|
| 675 |
|
|
|a 50(063)
|v 3
|
| 702 |
|
1 |
|a Полицинский
|b Е. В.
|c физик
|c доцент Юргинского технологического университета (филиала) Томского политехнического университета, кандидат педагогических наук
|f 1974-
|g Евгений Валерьевич
|3 (RuTPU)RU\TPU\pers\24524
|9 10834
|
| 702 |
|
1 |
|a Соболева
|b Э. Г.
|c физик
|c доцент Юргинского технологического института (филиал) Томского политехнического университета, кандидат физико-математических наук
|f 1976-
|g Эльвира Гомеровна
|3 (RuTPU)RU\TPU\pers\27511
|
| 702 |
|
1 |
|a Катрук
|b Т. С.
|c физик
|c заведующий лабораторией Юргинского технологического института (филиал) Томского политехнического университета
|f 1973-
|g Татьяна Станиславовна
|3 (RuTPU)RU\TPU\pers\32341
|
| 702 |
|
1 |
|a Фисоченко
|b Е. Г.
|c специалист в области инженерной графики
|c старший преподаватель Юргинского технологического института (филиал) Томского политехнического университета
|f 1978-
|g Елена Геннадьевна
|3 (RuTPU)RU\TPU\pers\25977
|
| 712 |
1 |
2 |
|a Современное состояние и проблемы естественных наук
|b конференция
|e Юрга
|f 2014
|
| 712 |
0 |
2 |
|a Национальный исследовательский Томский политехнический университет (ТПУ)
|b Юргинский технологический институт (филиал) (ЮТИ)
|b Кафедра естественного научного образования (ЕНО)
|3 (RuTPU)RU\TPU\col\18894
|
| 801 |
|
2 |
|a RU
|b 63413507
|c 20150817
|g RCR
|
| 856 |
4 |
|
|u http://www.lib.tpu.ru/fulltext/c/2014/C68/C68.pdf
|
| 942 |
|
|
|c BK
|